| 000 | 00683cam a2200253 4500 | ||
|---|---|---|---|
| 001 | 28509 | ||
| 003 | BD-RjUL | ||
| 005 | 20211209051307.0 | ||
| 008 | 140330s19691959enkabfj 000 0 eng | ||
| 020 | _a0140026169 | ||
| 035 | _a(BD-RjUL)28590 | ||
| 040 |
_aDLC _cDLC _dDLC _beng |
||
| 041 | _aeng | ||
| 082 | 0 | 0 |
_a916.81 _bTHH 1969 |
| 100 | 1 |
_aThomas, Elizabeth Marshall, _d1931- _973629 |
|
| 245 | 1 | 4 |
_aThe harmless people / _cElizabeth Marshall Thomas |
| 260 |
_aHarmondsworth : _bPenguin, _c1969. |
||
| 300 |
_a255 p. : _bill. ; _c18 cm. |
||
| 350 | _a7/6 | ||
| 650 | 0 |
_aSan (African people) _987291 |
|
| 942 |
_2ddc _cBK |
||
| 999 |
_c28509 _d28509 |
||